000
00263nam a2200097 4500
999
_c
507192
_d
507192
100
_a
Tamil Nadu. Department of Statistics
_9
1086
245
_a
Statistical handbook of Tamil Nadu 1995
260
_a
Madras
_b
Government Central Press
300
_a
382p.
942
_2
ddc